000 01146nab a22002297a 4500
999 _c5424
_d5424
003 OSt
005 20250407102215.0
008 190506c xxu||||| |||| 00| 0 spa d
040 _cPJ
100 _96443
_aFranculli, Jorge Luján
245 1 3 _aLa ley 27.742. El darwinismo social y una nueva crisis de legalidad /
_cJorge Luján Franculli.
260 _aBuenos Aires :
_bAbeledoPerrot,
_c2025.
300 _ap. 9-34
500 _aTR LALEY AR/DOC/82/2025.
505 _aSumario: I. Cambio de época. Del dec. 34/2019 al dec. 70/2023.— II. La ley 27.742 y el desprecio de la Constitución Nacional.— III. El darwinismo social y una nueva crisis de legalidad.— IV. Primeras sentencias sobre la ley 27.742.— V. El derecho del trabajo en la época de la posverdad.
505 _t¿Te interesa el texto completo? Comunicate al correo: koha@justierradelfuego.gov.ar
650 0 _91316
_aDERECHO LABORAL
650 0 _9178
_aDERECHO CONSTITUCIONAL
650 0 _91323
_aCONTRATO DE TRABAJO
773 0 _02751
_93202
_dBuenos Aires : AbeledoPerrot, 2013-
_tRevista de derecho laboral y seguridad social. Nº 3 - Febrero 2025
942 _2udc
_cANA